The Black Queer Work of Ratchet Race, Gender, Sexuality, and the (Anti)Politics of Respectability /

This book enters as a corrective to the tendency to trivialize and (mis)appropriate African American language practices. The word ratchet has entered into a wider (whiter) American discourse the same way that many words in African American English have-through hip-hop and social media. Generally, ra...

Full description

Bibliographic Details
Main Author: Lane, Nikki (Author, http://id.loc.gov/vocabulary/relators/aut)
Corporate Author: SpringerLink (Online service)
Format: Electronic eBook
Language:English
Published: Cham : Springer International Publishing : Imprint: Palgrave Macmillan, 2019.
Edition:1st ed. 2019.
Subjects:
Online Access:Full Text via HEAL-Link
LEADER 04176nam a2200529 4500
001 978-3-030-23319-8
003 DE-He213
005 20191127191229.0
007 cr nn 008mamaa
008 191127s2019 gw | s |||| 0|eng d
020 |a 9783030233198  |9 978-3-030-23319-8 
024 7 |a 10.1007/978-3-030-23319-8  |2 doi 
040 |d GrThAP 
050 4 |a GN301-674 
072 7 |a JHMC  |2 bicssc 
072 7 |a SOC002010  |2 bisacsh 
072 7 |a JHMC  |2 thema 
082 0 4 |a 306  |2 23 
100 1 |a Lane, Nikki.  |e author.  |4 aut  |4 http://id.loc.gov/vocabulary/relators/aut 
245 1 4 |a The Black Queer Work of Ratchet  |h [electronic resource] :  |b Race, Gender, Sexuality, and the (Anti)Politics of Respectability /  |c by Nikki Lane. 
250 |a 1st ed. 2019. 
264 1 |a Cham :  |b Springer International Publishing :  |b Imprint: Palgrave Macmillan,  |c 2019. 
300 |a XI, 168 p. 1 illus.  |b online resource. 
336 |a text  |b txt  |2 rdacontent 
337 |a computer  |b c  |2 rdamedia 
338 |a online resource  |b cr  |2 rdacarrier 
347 |a text file  |b PDF  |2 rda 
505 0 |a 1. Introduction: Slight Werk, Quare Work -- 2. Defining Ratchet: Ratchet and Boojie Ass Politics in Black Queer Space -- 3. Being Ratchet: Undoing the Politics of Respectability in Black Queer Space -- 4. Representing Ratchet: Screening Black Lesbian Sex and Ratchet Cultural Politics -- 5.Coming Out Ratchet and Whole: Black Women and the Struggle to Just Be -- 6. Conclusion: "I Said What I Said": Ratchet Cultural Politics, Black Homonormativity, and the Consumption of Black Women's Flesh. 
520 |a This book enters as a corrective to the tendency to trivialize and (mis)appropriate African American language practices. The word ratchet has entered into a wider (whiter) American discourse the same way that many words in African American English have-through hip-hop and social media. Generally, ratchet refers to behaviors and cultural expressions of Black people that sit outside of normative, middle-class respectable codes of conduct. Ratchet can function both as a tool for critiquing bad Black behavior, and as a tool for resisting the notion that there are such things as "good" and "bad" behavior in the first place. This book takes seriously the way ratchet operates in the everyday lives of middle-class and upwardly mobile Black Queer women in Washington, DC who, because of their sexuality, are situated outside of the norms of (Black) respectability. The book introduces the concept of "ratchet/boojie cultural politics" which draws from a rich body of Black intellectual traditions which interrogate the debates concerning what is and is not "acceptable" Black (middle-class) behavior. Placing issues of non-normative sexuality at the center of the conversation about notions of propriety within normative modes of Black middle-class behavior, this book discusses what it means for Black Queer women's bodies to be present within ratchet/boojie cultural projects, asking what Black Queer women's increasing visibility does for the everyday experiences of Black queer people more broadly. 
650 0 |a Ethnology. 
650 0 |a African Americans. 
650 0 |a Sociology. 
650 0 |a Linguistic anthropology. 
650 0 |a Communication. 
650 1 4 |a Cultural Anthropology.  |0 http://scigraph.springernature.com/things/product-market-codes/411060 
650 2 4 |a African American Culture.  |0 http://scigraph.springernature.com/things/product-market-codes/411020 
650 2 4 |a Gender Studies.  |0 http://scigraph.springernature.com/things/product-market-codes/X35000 
650 2 4 |a Linguistic Anthropology.  |0 http://scigraph.springernature.com/things/product-market-codes/X12020 
650 2 4 |a Media and Communication.  |0 http://scigraph.springernature.com/things/product-market-codes/412010 
710 2 |a SpringerLink (Online service) 
773 0 |t Springer eBooks 
776 0 8 |i Printed edition:  |z 9783030233181 
776 0 8 |i Printed edition:  |z 9783030233204 
776 0 8 |i Printed edition:  |z 9783030233211 
856 4 0 |u https://doi.org/10.1007/978-3-030-23319-8  |z Full Text via HEAL-Link 
912 |a ZDB-2-LCM 
950 |a Literature, Cultural and Media Studies (Springer-41173)